| 000 | 00428nam a2200169Ia 4500 | ||
|---|---|---|---|
| 003 | 0100 | ||
| 008 | 130303s9999 xx 000 0 und d | ||
| 040 | _cARRUPELIB | ||
| 050 | _aP49.H43 1958 | ||
| 245 | _aLanguage, thought, culture | ||
| 260 | _aAnn Arbor MI | ||
| 260 | _bUniv. of MI Pr. | ||
| 260 | _C1958 | ||
| 300 | _a273p | ||
| 700 | _aby Roger W. Brown and others, ed. by Paul Henie , Henie, Paul, ed | ||
| 942 | 0 | 0 | _01 |
| 999 |
_c48991 _d48991 |
||